000 00552nam a2200217Ia 4500
003 OSt
005 20220926042141.0
006 a|||||r|||| 00| 0
007 ta
008 220923b |||||||| |||| 00| 0 eng d
037 _cGeneral Book
040 _aRTL
_cRTL
_beng
041 _2eng
_aeng
082 _aY8.5.N5, J9
100 _aHobsbawm E J
_991248
245 0 _aPrimitive rebels
260 _c1959
650 _aSociology of Associations
_9231826
942 _hY8.5.N5, J9
_cGB
_2CC
999 _c669009
_d669009